| 000 | 01487nam2a22002411 4500 | ||
|---|---|---|---|
| 001 | rc\4820888 | ||
| 005 | 20250612224411.0 | ||
| 021 |
_aRU _b[68-36120] |
||
| 035 | _a(NLR Aleph) 008882709 | ||
| 090 |
_a8592060 _c8592060 |
||
| 100 | _a20130426d1968 |||y0rusy50 ca | ||
| 101 | 0 | _arus | |
| 102 | _aRU | ||
| 105 | _ay z ||||| | ||
| 200 | 1 | _aЭлектродинамические основы теории антенн | |
| 210 |
_d1968 _aБ. м. |
||
| 215 | _a63 с. | ||
| 461 | 0 |
_1001rc\4820887 _12001#$aУчебное пособие по курсу "Антенны сверхвысоких частот"$eЧ. 1-$fМ-во высш. и сред. спец. образования РСФСР. Моск. ин-т радиотехники, электроники и автоматики. Фак. усовершенствования дипломир. инженеров$vЧ. 1 _1700#1$aШипков$bГ.А.$gГеннадий Андреевич _98592056 _aШипков, Г.А. _cМосква _d1968- _fМ-во высш. и сред. спец. образования РСФСР. Моск. ин-т радиотехники, электроники и автоматики. Фак. усовершенствования дипломир. инженеров _nБ. и. _oЧ. 1- _tУчебное пособие по курсу "Антенны сверхвысоких частот" _vЧ. 1 |
|
| 801 | 0 |
_aRU _bNLR _gpsbo |
|
| 801 | 1 |
_aRU _bELAR _2rusmarc |
|
| 852 |
_aNLR _j68-4/9655 |
||
| 942 | _cBOOK | ||
| 980 | _aNB | ||